Statistics for That Can't Be True!

Click here to take the quiz!

General Stats

  • This quiz has been taken 899 times
    (545 since last reset)
  • The average score is 9 of 15

Answer Stats

QuestionAnswer% Correct
A country that censors TV shows and films featuring time travel.True
84%
A country where parents need government permission to name their baby.True
83%
A country where selling chewing gum is illegal.True
82%
A country that uses a calendar that is 7 years behind the Western one.True
76%
A very religious country with penis murals on homes, public buildings and temples.True
73%
A country that has assassinated every one of its leaders since 1810.False
71%
A country that lies in all four hemispheres.True
68%
A country where you can marry a dead person.True
63%
A country that owns land on the moon.False
62%
A country without a capital city.True
54%
The vast majority of the earth's fresh water is held in clouds.False
50%
A country where birthdays are illegal.False
41%
A country that has more dogs than people.False
39%
A dependency with Star Wars and Pokémon characters on its official currency.True
37%
A country where sumo wrestling is the most popular sport.False
21%

Score Distribution

Percentile by Number Answered

Percent of People with Each Score

Your Score History

You have not taken this quiz since the last reset